000 01584nam a22003977a 4500
003 CHAP
005 20220329143744.0
008 110613s2010 mx r 00010 spa d
010 _a101478
011 _a102450
035 _a113138
040 _cCHAP
090 _aTesis
100 1 _aCervantes Castillo, Adán.
_921553
245 1 0 _aManejo biotecnológico de Eisenia andrei Bouché, utilizada como indicador en prueba de toxicidad de un suelo contaminado con diesel
_h[En línea]
_c/por Adán Cervantes Castillo
260 _aChapingo, Méx. :
_bEl autor,
_c2010
500 _aPara ver el contenido del material haga clic en la liga
502 _aTesis (Ing. Agroindustrial) -- UACH. Departamento de Ingeniería Agroindustrial
590 _aALEPH
_b10
_c20130110
_lUCH01
_h1540
590 _aBATCH-UPD
_b10
_c20130110
_lUCH01
_h1939
590 _aBATCH-UPD
_b10
_c20130410
_lUCH01
_h1302
590 _aBATCH-UPD
_b10
_c20130914
_lUCH01
_h0641
590 _aBATCH-UPD
_b10
_c20140324
_lUCH01
_h1525
590 _aBATCH-UPD
_b10
_c20141002
_lUCH01
_h0849
590 _aBATCH
_b00
_c20181121
_lUCH01
_h0759
590 _aCONVERSION
_b10
_c20130109
_lUCH01
_h1356
650 1 4 _aBiotecnología.
_912878
650 1 4 _aEisenia andrei.
_935828
650 1 4 _aSuelos
_xContaminación.
_9110327
856 _3Finding aid
_uhttp://10.13.5.2/tesis/113138.pdf
_zTeclea aqui
856 _a1
_n0001513
901 _aBK
942 _cFOLL
949 _aTesis
_bBC
_cTES
_d33724002249629
_eTS1
_gDonaciØn
_h52379
_i113138
_st
949 _aTesis
_bBC
_cTES
_d33724002249660
_eTS2
_fc.2
_gDonaciØn
_h52380
_i113138
_st
999 _c101478
_d101478